ՀՀ Գիտությունների ազգային ակադեմիայի հիմնարար գիտական գրադարան  =   Fundamental Scientific Library of NAS RA

Երկար-երկար մի ճանապարհ : (Record no. 7018)

MARC details
000 -LEADER
fixed length control field 01031nam a2200241 a 4500
001 - CONTROL NUMBER
control field 000019855
003 - CONTROL NUMBER IDENTIFIER
control field AM-YEHGA
005 - DATE AND TIME OF LATEST TRANSACTION
control field 20250618070815.0
008 - FIXED-LENGTH DATA ELEMENTS--GENERAL INFORMATION
fixed length control field 980602s1983 ai |||||||||||||||||arm d
040 ## - CATALOGING SOURCE
Original cataloging agency AM-YeHGA
041 0# - LANGUAGE CODE
Language code of text/sound track or separate title arm
090 ## - LOCALLY ASSIGNED LC-TYPE CALL NUMBER (OCLC); LOCAL CALL NUMBER (RLIN)
-- 7062
100 1# - MAIN ENTRY--PERSONAL NAME
Personal name Խերանյան, Մկրտիչ Եղիշեի
9 (RLIN) 1386
245 10 - TITLE STATEMENT
Title Երկար-երկար մի ճանապարհ :
Remainder of title [Վեպ, վիպակ] /
Statement of responsibility, etc. Մ.Ե. Խերանյան; Առաջաբ.՝ Ա. Քալանթարյան; Խմբ.՝ Ս.Հ. Ումառյան; Նկ.՝ Ջ.Ե. Գասպարյան.
250 ## - EDITION STATEMENT
Edition statement Վերահրատ.
260 ## - PUBLICATION, DISTRIBUTION, ETC.
Place of publication, distribution, etc. Երևան :
Name of publisher, distributor, etc. Սովետական գրող,
Date of publication, distribution, etc. 1983.
300 ## - PHYSICAL DESCRIPTION
Extent 432 էջ :
Other physical details նկ. ;
Dimensions 22 սմ.
650 14 - SUBJECT ADDED ENTRY--TOPICAL TERM
Topical term or geographic name entry element Հայ գրականություն
700 1# - ADDED ENTRY--PERSONAL NAME
Personal name Քալանթարյան, Արտաշես Փիրաղայի,
Dates associated with a name 1931-1991
Relator term առաջաբ.
Relationship aui
9 (RLIN) 1615
700 1# - ADDED ENTRY--PERSONAL NAME
Personal name Ումառյան, Սերգեյ Հովհաննեսի,
Dates associated with a name 1920-1995
Relator term խմբ.
Relationship edt
9 (RLIN) 2472
700 1# - ADDED ENTRY--PERSONAL NAME
Personal name Գասպարյան, Ջանիկ Երեմի
Relator term նկ.
Relationship art
942 ## - ADDED ENTRY ELEMENTS (KOHA)
Koha item type Գրքեր / Books
Holdings
Withdrawn status Lost status Source of classification or shelving scheme Damaged status Not for loan Collection Home library Current library Date acquired Total checkouts Full call number Barcode Date last seen Price effective from Koha item type Public note
    Universal Decimal Classification     General Fundamental Scientific Library Fundamental Scientific Library 21/12/2016   AII/69140 220069140 21/12/2016 21/12/2016 Գրքեր / Books 30 Days Loan


ՀՀ ԳԱԱ հիմնարար գիտական գրադարան
ՀՀ,Երևան 0019
Մարշալ Բաղրամյան 24/6
հեռախոս:(374-10) 52-47-50
Հետադարձ կապ

All site content, except where otherwise noted, is licensed under a
Creative Commons License